000 01067nam a22003377a 4500
003 CHAP
005 20220329133119.0
008 971013s1990 r 00010 d
010 _a2307
011 _a3279
035 _a2479
040 _cCHAP
090 _aFolleto 12591
100 0 0 _aRomo Ruiz, Carlos.
_999725
245 _aGuía para producir sorgo en la Sierra de Sonora
260 _aMoctezuma, Son. :
_bINIFAP. Campo Experimental Sierra de Sonora,
_c1990
300 _a12 p.
_b: ilus.
500 _aD45-90
590 _aBATCH-UPD
_b10
_c20130110
_lUCH01
_h0033
590 _aBATCH-UPD
_b10
_c20130110
_lUCH01
_h1242
590 _aBATCH-UPD
_b10
_c20130410
_lUCH01
_h0807
590 _aBATCH-UPD
_b10
_c20130914
_lUCH01
_h2009
590 _aCONVERSION
_b10
_c20130109
_lUCH01
_h1303
650 1 4 _aSorgo
_xFechas de siembra.
_9108670
650 1 4 _aSorgo
_xRendimiento.
_9108714
650 1 4 _aSorgo
_xVariedades.
_9108734
700 0 _aTorres Ramírez, Elías.
_9114208
901 _aBK
942 _cFOLL
949 _aFolleto 12591
_bBC
_cFOLL
_d-11980
_eTS1
_i2479
_si
999 _c2307
_d2307